La ley de la defensa y garantía del orden público de El Salvador

محفوظ في:
التفاصيل البيبلوغرافية
المؤلف الرئيسي: Arias Gómez, Jorge
التنسيق: نص
منشور في: s.l.: s.e.
الوسوم: إضافة وسم
لا توجد وسوم, كن أول من يضع وسما على هذه التسجيلة!

MARC

LEADER 00000 a a2200000 04500
001 23153
003
040
090 |a 159900  
100 |a Arias Gómez, Jorge  
245 |a La ley de la defensa y garantía del orden público de El Salvador  
260 |a s.l.:   |b s.e.  
300 |a 19 p.  
999 |c 6454  |d 6454